[Event "PRO League Group Stage"]
[Site "chess.com INT"]
[Date "2019.02.07"]
[Round "5"]
[White "Khachiyan, Melikset"]
[Black "Zhu, Jiner"]
[Result "0-1"]
[WhiteTitle "GM"]
[BlackTitle "WIM"]
[WhiteElo "2509"]
[BlackElo "2424"]
[WhiteTeam "San Diego Surfers"]
[BlackTeam "Dallas Destiny"]
[WhiteFideId "13300512"]
[BlackFideId "8608059"]
[EventDate "2019.01.08"]

1. e4 e5 2. Bc4 Nc6 3. d3 Nf6 4. Nf3 h6 5. O-O d6 6. c3 g5 7. d4 g4 8. Ne1 Nxe4
9. Nd3 Bg7 10. Bd5 Ng5 11. Bxc6+ bxc6 12. dxe5 dxe5 13. Na3 O-O 14. Nb4 Qf6 15.
Bxg5 hxg5 16. Qa4 a5 17. Nd3 Qg6 18. Nc5 f5 19. Rad1 f4 20. Rfe1 Bf5 21. Rd2 Kh8
22. Ne4 Rad8 23. Rde2 Rd3 24. Nc5 Rd5 25. b4 axb4 26. cxb4 Rfd8 27. Nc4 e4 28.
g3 f3 29. Re3 Qh7 30. Rb3 Qh3 31. Ne3 Bd4 0-1

[Event "PRO League Group Stage"]
[Site "chess.com INT"]
[Date "2019.02.07"]
[Round "5"]
[White "Lu, Albert"]
[Black "Berczes, David"]
[Result "0-1"]
[WhiteTitle "FM"]
[BlackTitle "GM"]
[WhiteElo "2242"]
[BlackElo "2464"]
[WhiteTeam "San Diego Surfers"]
[BlackTeam "Dallas Destiny"]
[WhiteFideId "2057000"]
[BlackFideId "722960"]
[EventDate "2019.01.08"]

1. d4 e6 2. c4 b6 3. Nf3 Bb7 4. e3 f5 5. Be2 Nf6 6. O-O Bd6 7. Nbd2 O-O 8. a3 c5
9. b3 Nc6 10. Bb2 Qc7 11. Rc1 Rae8 12. b4 Qb8 13. bxc5 bxc5 14. Rb1 Qc7 15. Qc2
cxd4 16. exd4 Ne7 17. Ne5 Ng6 18. Bf3 Rb8 19. a4 Nd5 20. Qd1 Ndf4 21. Nxg6 hxg6
22. c5 Be7 23. Nc4 g5 24. Bc3 Bxf3 25. Qxf3 g4 26. Qe3 Bg5 27. Ba5 Qc6 28. d5
Qxd5 0-1

[Event "PRO League Group Stage"]
[Site "chess.com INT"]
[Date "2019.02.07"]
[Round "5"]
[White "Sargissian, Gabriel"]
[Black "Prasanna, Raghuram Rao"]
[Result "1/2-1/2"]
[WhiteTitle "GM"]
[BlackTitle "IM"]
[WhiteElo "2689"]
[BlackElo "2460"]
[WhiteTeam "Seattle Sluggers"]
[BlackTeam "San Jose Hackers"]
[WhiteFideId "13300881"]
[BlackFideId "5022401"]
[EventDate "2019.01.08"]

1. d4 d5 2. c4 e6 3. Nf3 c6 4. g3 f5 5. Bg2 Nf6 6. O-O Bd6 7. b3 Qe7 8. Bb2 O-O
9. Qc1 Nbd7 10. Ba3 Ne4 11. Bxd6 Qxd6 12. Qa3 Qxa3 13. Nxa3 a5 14. Rfc1 Nd6 15.
e3 h6 16. Nb1 g5 17. Nbd2 g4 18. Ne1 Nf6 19. Nd3 Nfe4 20. Nxe4 fxe4 21. Nf4 Nf7
22. Bf1 Ng5 23. Be2 Nf3+ 24. Kg2 a4 25. b4 Rf5 26. b5 dxc4 27. Bxc4 cxb5 28.
Bxe6+ Bxe6 29. Nxe6 Re8 30. Nf4 b4 31. Rab1 Rb5 32. Rc4 b3 33. axb3 Nd2 34. Rd1
Nxc4 35. bxc4 Rb4 36. c5 a3 37. Nd5 Ra4 38. Nf6+ Kf7 39. Nxe8 Kxe8 40. d5 Kd7
41. Ra1 a2 42. Kf1 Ra5 43. Ke2 Kc7 44. Kd2 Kd7 45. Ke2 Kc7 46. Kd2 Kd7 47. Ke2
Kc7 48. Kd2 Kd7 1/2-1/2

[Event "PRO League Group Stage"]
[Site "chess.com INT"]
[Date "2019.02.07"]
[Round "5"]
[White "Sadorra, Julio Catalino"]
[Black "Ravuri, Vinesh"]
[Result "1-0"]
[WhiteTitle "GM"]
[WhiteElo "2568"]
[BlackElo "2042"]
[WhiteTeam "Seattle Sluggers"]
[BlackTeam "San Jose Hackers"]
[WhiteFideId "5201268"]
[BlackFideId "45042632"]
[EventDate "2019.01.08"]

1. d4 Nf6 2. c4 g6 3. Nc3 Bg7 4. e4 d6 5. h3 O-O 6. Be3 e5 7. d5 a5 8. g4 Na6 9.
Nge2 Nd7 10. h4 Ndc5 11. Ng3 c6 12. h5 cxd5 13. cxd5 a4 14. Be2 Bd7 15. Qd2 f6
16. hxg6 hxg6 17. Bh6 Rf7 18. Nf5 Bxf5 19. gxf5 g5 20. Bh5 Bxh6 21. Bxf7+ Kg7
22. Bg6 Nb4 23. f3 Qh8 24. Nb5 g4 25. Qxh6+ Qxh6 26. Rxh6 Kxh6 27. Ke2 Nc2 28.
Rh1+ Kg5 29. Rg1 Nd4+ 30. Nxd4 exd4 31. Rxg4+ Kh6 32. Rh4+ Kg5 33. Rg4+ Kh6 34.
Bf7 d3+ 35. Ke3 a3 36. b4 Nb3 37. Bg8 d2 38. Rg6+ Kh5 39. Bf7 Kh4 40. Rg1 Rc8
41. Rd1 Rc1 42. Ke2 Kg3 43. e5 fxe5 44. f6 Kf4 45. Bg6 Nd4+ 46. Kxd2 Rc8 47. f7
Nxf3+ 48. Kd3 Rf8 49. Rf1 Kg3 50. Ke4 Nd2+ 51. Kf5 Nxf1 52. Ke6 Nd2 53. Ke7 Rc8
54. Bf5 Rb8 55. Bd7 Rh8 56. Kxd6 e4 57. Ke7 e3 58. Bb5 Kf2 59. d6 Ne4 60. d7 Nc3
61. Bc4 Ne4 62. f8=Q+ Rxf8 63. Kxf8 Nd6 64. Bd3 1-0

[Event "PRO League Group Stage"]
[Site "chess.com INT"]
[Date "2019.02.07"]
[Round "5"]
[White "Mamedov, Rauf"]
[Black "Margvelashvili, Giorgi"]
[Result "1-0"]
[WhiteTitle "GM"]
[BlackTitle "GM"]
[WhiteElo "2703"]
[BlackElo "2530"]
[WhiteTeam "San Jose Hackers"]
[BlackTeam "Seattle Sluggers"]
[WhiteFideId "13401653"]
[BlackFideId "13602926"]
[EventDate "2019.01.08"]

1. e4 c6 2. Nc3 d5 3. Nf3 Bg4 4. h3 Bh5 5. d4 e6 6. exd5 cxd5 7. g4 Bg6 8. Ne5
Nc6 9. Bb5 Rc8 10. Qe2 Bb4 11. h4 Ne7 12. h5 Be4 13. f3 O-O 14. Bxc6 Nxc6 15.
Nxc6 Rxc6 16. Kf2 Bxc3 17. bxc3 Rxc3 18. fxe4 dxe4 19. Qxe4 f5 20. gxf5 Rxf5+
21. Ke2 Qc8 22. Bd2 Rxc2 23. Rac1 Qc4+ 24. Ke3 Rxc1 25. Rxc1 Qxa2 26. Rc8+ Rf8
27. Rxf8+ Kxf8 28. Qxb7 a5 29. Bc3 Qa3 30. Kd3 Qc1 31. Qc8+ Kf7 32. Qc7+ Ke8 33.
Qc6+ Kf7 34. Qd7+ Kf8 35. Qxe6 Qd1+ 36. Kc4 Qxh5 37. d5 Qh4+ 38. Bd4 Qd8 39.
Bc5+ 1-0

[Event "PRO League Group Stage"]
[Site "chess.com INT"]
[Date "2019.02.07"]
[Round "5"]
[White "Safarli, Eltaj"]
[Black "Yu, Jason"]
[Result "1-0"]
[WhiteTitle "GM"]
[WhiteElo "2681"]
[BlackElo "2081"]
[WhiteTeam "San Jose Hackers"]
[BlackTeam "Seattle Sluggers"]
[WhiteFideId "13402129"]
[BlackFideId "30907624"]
[EventDate "2019.01.08"]

1. e4 e5 2. Nc3 Nf6 3. g3 Nc6 4. Bg2 Bc5 5. Nge2 a6 6. d3 d6 7. h3 g6 8. O-O Be6
9. Nd5 Nh5 10. c3 O-O 11. d4 Ba7 12. Bh6 Ng7 13. Ne3 Ne7 14. f4 f5 15. exf5
Nexf5 16. Nxf5 Bxf5 17. Qb3+ Kh8 18. Qxb7 exd4 19. Nxd4 Bxd4+ 20. cxd4 Rb8 21.
Qxa6 Rxb2 22. Qa3 Re2 23. Rae1 Rfe8 24. Rxe2 Rxe2 25. d5 Qf6 26. Qb4 Rb2 27. Qc4
Rc2 28. Qa4 Re2 29. Rf2 Qa1+ 30. Kh2 Re1 31. Rf1 Kg8 32. Rxe1 Qxe1 33. Qd4 Nh5
34. g4 Qg3+ 35. Kh1 Qe1+ 36. Qg1 Ng3+ 37. Kh2 Qxg1+ 38. Kxg1 Be4 39. a4 Ne2+ 40.
Kf2 Bxg2 41. Kxg2 Nc3 42. a5 Nxd5 43. Kf3 Nb4 44. f5 gxf5 45. gxf5 Kf7 46. Bd2
Na6 47. Ke4 c6 48. Bf4 Ke7 49. Kd4 Kf6 50. Bxd6 Kxf5 51. h4 h5 52. Be7 Ke6 53.
Bg5 Kf5 54. Bd8 Kf4 55. Bg5+ Kf5 56. Bd2 Kg4 57. Be1 Kf4 58. Kd3 Kf3 59. Bd2 Kg4
60. Bg5 Kf5 61. Kd4 Ke6 62. Ke4 Nb4 63. Bd2 Na6 64. Kf4 Kf6 65. Bc3+ Kg6 66. Ke5
Nb8 67. Kd6 Kf5 68. Kc7 Na6+ 69. Kxc6 Kg4 70. Kb6 Nb8 71. Kb7 Nd7 72. Bd4 Kxh4
73. a6 Kg4 74. a7 Nb6 75. Bxb6 1-0

[Event "PRO League Group Stage"]
[Site "chess.com INT"]
[Date "2019.02.07"]
[Round "5"]
[White "Cheng, Bobby"]
[Black "Corrales Jimenez, Fidel"]
[Result "1-0"]
[WhiteTitle "IM"]
[BlackTitle "GM"]
[WhiteElo "2520"]
[BlackElo "2559"]
[WhiteTeam "Australia Kangaroos"]
[BlackTeam "Minnesota Blizzard"]
[WhiteFideId "4300033"]
[BlackFideId "3506690"]
[EventDate "2019.01.08"]

1. d4 Nf6 2. c4 g6 3. Nc3 d5 4. cxd5 Nxd5 5. e4 Nxc3 6. bxc3 Bg7 7. Nf3 c5 8. h3
cxd4 9. cxd4 Nc6 10. Be3 Qa5+ 11. Bd2 Qa3 12. d5 Nb8 13. Bb5+ Bd7 14. Rb1 Bxb5
15. Rxb5 b6 16. O-O Nd7 17. Qc2 Qa6 18. a4 Rc8 19. Qa2 O-O 20. Bb4 Rfe8 21. Qb3
Ne5 22. Nxe5 Bxe5 23. Rd1 Rc7 24. g3 Qc8 25. Kg2 Rc4 26. Re1 Bd4 27. Bd2 e5 28.
Qd1 Qd7 29. Be3 Rec8 30. Bxd4 Rxd4 31. Qb1 Rxa4 32. Qb2 Rcc4 33. d6 f6 34. Rd5
Kg7 35. Red1 Rxe4 36. Qb5 Qd8 37. d7 Rac4 38. Rd6 Rc7 39. Qd5 Re2 40. Qf3 Rcc2
41. Qxf6+ Kh6 42. h4 Rxf2+ 43. Qxf2 Rxf2+ 44. Kxf2 b5 45. Rc6 b4 46. Rc8 Qf6+
47. Kg2 e4 48. Rf1 Qb2+ 49. Rf2 Qe5 50. d8=Q e3 51. Qg5+ 1-0

[Event "PRO League Group Stage"]
[Site "chess.com INT"]
[Date "2019.02.07"]
[Round "5"]
[White "Sarana, Alexey"]
[Black "Tang, Andrew"]
[Result "1-0"]
[WhiteTitle "GM"]
[BlackTitle "GM"]
[WhiteElo "2630"]
[BlackElo "2487"]
[WhiteTeam "Australia Kangaroos"]
[BlackTeam "Minnesota Blizzard"]
[WhiteFideId "24133795"]
[BlackFideId "2059630"]
[EventDate "2019.01.08"]

1. d4 d5 2. c4 e6 3. Nf3 Nf6 4. Nc3 Be7 5. g3 O-O 6. Bg2 dxc4 7. Ne5 Nc6 8. Bxc6
bxc6 9. Nxc6 Qe8 10. Nxe7+ Qxe7 11. Qa4 c5 12. dxc5 Qxc5 13. Be3 Qc7 14. Rd1 Bd7
15. Qa3 Nd5 16. Bd4 a5 17. Nxd5 exd5 18. O-O Be6 19. Qe3 Ra6 20. Bc3 f6 21. Rfe1
Re8 22. f3 a4 23. a3 Bf7 24. Qd4 h6 25. Kf2 Raa8 26. Qh4 Ra6 27. Rd4 Rae6 28.
Qf4 Qe7 29. Qd2 Re3 30. Rf4 Qe6 31. Bd4 Rb3 32. Bc3 Qb6+ 33. Qd4 Qxd4+ 34. Rxd4
Rb7 35. Bb4 Kh7 36. Red1 Rc7 37. R1d2 Rc6 38. Rd1 Rce6 39. Re1 h5 40. Bc3 R6e7
41. Rf4 Re6 42. Rh4 Kg8 43. Rd4 Kh7 44. h3 R6e7 45. g4 Re5 46. Rf4 R5e7 47. gxh5
Bxh5 48. Rh4 Kh6 49. Bd2+ g5 50. Rd4 Re5 51. h4 Kg6 52. hxg5 fxg5 53. Bc3 Rf5
54. Rg1 g4 55. f4 Kf7 56. e3 Re4 57. Rxe4 dxe4 58. Be5 Ke6 59. Rc1 g3+ 60. Kxg3
Be2 61. Kf2 Bd3 62. Rh1 Rf7 63. Rh6+ Kf5 64. Kg3 Rf8 65. Rh5+ Ke6 66. Rg5 Rf7
67. Bc3 Bc2 68. Rc5 Bd3 69. Kg4 Be2+ 70. Kg5 Rd7 71. f5+ Kf7 72. Ra5 Bd1 73. Kf4
Bc2 74. Ra6 Bb1 75. Rh6 Rd5 76. Rh7+ Kg8 77. Rc7 Bd3 78. Kg5 Be2 79. Ra7 Bf1 80.
Kf6 Bh3 81. Ra8+ Kh7 82. Ke6 1-0

[Event "PRO League Group Stage"]
[Site "chess.com INT"]
[Date "2019.02.07"]
[Round "5"]
[White "Beerdsen, Thomas"]
[Black "Song, Raymond"]
[Result "1-0"]
[WhiteTitle "IM"]
[BlackTitle "FM"]
[WhiteElo "2484"]
[BlackElo "2329"]
[WhiteTeam "Minnesota Blizzard"]
[BlackTeam "Australia Kangaroos"]
[WhiteFideId "1030108"]
[BlackFideId "3203824"]
[EventDate "2019.01.08"]

1. e4 c6 2. d4 d5 3. f3 Qb6 4. Nc3 dxe4 5. fxe4 e5 6. Nf3 exd4 7. Nxd4 Bc5 8.
Na4 Qa5+ 9. c3 Bd6 10. Nf3 Be7 11. b4 Qc7 12. e5 b5 13. Nb2 a5 14. Nd3 Bf5 15.
Qb3 Nd7 16. Bf4 Qb6 17. Nd4 Be4 18. e6 fxe6 19. Nxe6 Bd5 20. Nc7+ Qxc7 21. Bxc7
Bxb3 22. axb3 a4 23. bxa4 Rxa4 24. Rxa4 bxa4 25. Be2 Bf6 26. Kd2 Ne7 27. Bf3 Kf7
28. Ra1 Ra8 29. b5 Nd5 30. Bxd5+ cxd5 31. b6 Ra5 32. Nb4 Rb5 33. Rxa4 Nxb6 34.
Bxb6 Rxb6 35. Kd3 Ke6 36. Ra5 d4 37. Nd5 Rb2 38. cxd4 Bg5 39. h4 Bxh4 40. Nf4+
Kf7 41. Ra7+ Kf6 42. Ke4 g5 43. Nd5+ Ke6 44. Ra6+ Kd7 45. g4 Bf2 46. Rh6 Re2+
47. Kd3 Re6 48. Rxh7+ Kd6 49. Nc3 Re3+ 50. Kc4 Be1 51. Nb5+ Ke6 52. Rh6+ Ke7 53.
Kd5 Re2 54. Nd6 Bd2 55. Ne4 Bf4 56. Re6+ Kd8 57. Nxg5 Rg2 58. Nf7+ Kd7 59. Rg6
Ra2 60. Rg7 Ke8 61. Ne5 Be3 62. Nc6 Rd2 63. Re7+ Kf8 64. Rxe3 Rg2 65. Re4 Kf7
66. Ne5+ Kf6 67. Rf4+ Ke7 68. Rf7+ Ke8 69. Ke6 Ra2 70. d5 Ra6+ 71. d6 Rc6 72.
Rh7 1-0

[Event "PRO League Group Stage"]
[Site "chess.com INT"]
[Date "2019.02.07"]
[Round "5"]
[White "Mitkov, Nikola"]
[Black "Ly, Moulthun"]
[Result "1-0"]
[WhiteTitle "GM"]
[BlackTitle "GM"]
[WhiteElo "2477"]
[BlackElo "2486"]
[WhiteTeam "Minnesota Blizzard"]
[BlackTeam "Australia Kangaroos"]
[WhiteFideId "15000290"]
[BlackFideId "3204405"]
[EventDate "2019.01.08"]

1. e4 e5 2. Bc4 Nf6 3. Nc3 Bc5 4. Nge2 d6 5. O-O c6 6. d4 Bb6 7. h3 O-O 8. Be3
Qe7 9. Ng3 g6 10. a4 Nbd7 11. a5 Bxd4 12. Bxd4 exd4 13. Qxd4 Nc5 14. Rfd1 Re8
15. Qxd6 Qxd6 16. Rxd6 Nfxe4 17. Ncxe4 Nxe4 18. Nxe4 Rxe4 19. Rd8+ Kg7 20. b3
Re7 21. f3 h6 22. h4 h5 23. Kf2 Rb8 24. Re1 Rc7 25. Ree8 Ra8 26. Kg3 b5 27. Bd3
a6 28. Kf4 Kf6 29. g4 hxg4 30. fxg4 1-0

[Event "PRO League Group Stage"]
[Site "chess.com INT"]
[Date "2019.02.07"]
[Round "5"]
[White "Xu, Xiangyu"]
[Black "Naroditsky, Daniel"]
[Result "0-1"]
[WhiteTitle "GM"]
[BlackTitle "GM"]
[WhiteElo "2567"]
[BlackElo "2616"]
[WhiteTeam "Chengdu Pandas"]
[BlackTeam "San Francisco Mechanics"]
[WhiteFideId "8608288"]
[BlackFideId "2026961"]
[EventDate "2019.01.08"]

1. d4 Nf6 2. c4 g6 3. Nc3 Bg7 4. e4 d6 5. Be2 O-O 6. Bg5 Qe8 7. Qd2 Na6 8. h4 e5
9. d5 Nc5 10. Bf3 a5 11. Nge2 h5 12. O-O-O Bd7 13. Kb1 b5 14. cxb5 Bxb5 15. Nxb5
Qxb5 16. Nc3 Qb4 17. Qc2 Rab8 18. Be3 Rb7 19. Bxc5 Qxc5 20. Na4 Qa7 21. Rd3 Rfb8
22. Rb3 Rb4 23. Rc1 Ne8 24. Rxb4 axb4 25. b3 Bh6 26. Rd1 Nf6 27. Nb2 Nd7 28. Nd3
Qa5 29. Re1 Rb5 30. g4 hxg4 31. Bxg4 Nc5 32. Nb2 Rb8 33. h5 gxh5 34. Bxh5 Ra8
35. Nc4 Qa7 36. f3 Bg5 37. Qg2 f6 38. f4 exf4 39. e5 f3 40. Qc2 Ne4 41. a4 f2
42. Rd1 Nc3+ 43. Ka1 Nxd1 44. Qg6+ Kh8 45. exf6 Qd4+ 0-1

[Event "PRO League Group Stage"]
[Site "chess.com INT"]
[Date "2019.02.07"]
[Round "5"]
[White "Bai, Jinshi"]
[Black "Wu, Rochelle"]
[Result "1-0"]
[WhiteTitle "GM"]
[BlackTitle "WCM"]
[WhiteElo "2572"]
[BlackElo "2154"]
[WhiteTeam "Chengdu Pandas"]
[BlackTeam "San Francisco Mechanics"]
[WhiteFideId "8602280"]
[BlackFideId "30908132"]
[EventDate "2019.01.08"]

1. d4 d5 2. c4 c6 3. Nf3 Nf6 4. g3 dxc4 5. Bg2 b5 6. Ne5 Bb7 7. a4 a6 8. Nc3 e6
9. O-O Qc8 10. e4 Be7 11. d5 exd5 12. exd5 O-O 13. d6 Bd8 14. Re1 Bb6 15. Bf4
Rd8 16. Qe2 b4 17. Qxc4 bxc3 18. Qxf7+ Kh8 19. Bh6 1-0

[Event "PRO League Group Stage"]
[Site "chess.com INT"]
[Date "2019.02.07"]
[Round "5"]
[White "Shankland, Samuel"]
[Black "Chu, Wei Chao"]
[Result "1-0"]
[WhiteTitle "GM"]
[BlackTitle "IM"]
[WhiteElo "2725"]
[BlackElo "2373"]
[WhiteTeam "San Francisco Mechanics"]
[BlackTeam "Chengdu Pandas"]
[WhiteFideId "2004887"]
[BlackFideId "8605661"]
[EventDate "2019.01.08"]

1. e4 c6 2. d4 d5 3. exd5 cxd5 4. Nf3 Nc6 5. Bb5 e6 6. Ne5 Bd7 7. Nxd7 Qxd7 8.
c3 Bd6 9. O-O Nge7 10. Nd2 O-O 11. Nf3 Qc7 12. Re1 Ng6 13. g3 Rfc8 14. Bd3 Rab8
15. a4 a6 16. Kg2 b5 17. h4 Nf8 18. Qe2 Qb6 19. b4 Re8 20. Be3 Qb7 21. Qa2 Qc7
22. Qb3 Nd7 23. axb5 axb5 24. Ra6 h6 25. Rea1 Rec8 26. Bd2 Bf8 27. Nh2 Nf6 28.
Qd1 e5 29. Ng4 Nxg4 30. Qxg4 e4 31. Be2 Kh8 32. Qf5 Rd8 33. Bf4 Bd6 34. Qxd5
Nxb4 35. cxb4 Bxf4 36. Qxe4 Bd6 37. Ra7 Re8 38. Qf3 Qb6 39. Bd3 Qxd4 40. Qf5 g6
41. Qxf7 Re7 42. Rxe7 Bxe7 43. Re1 Bxb4 44. Re8+ Rxe8 45. Qxe8+ Kg7 46. Qxg6+
Kf8 47. Qxh6+ Ke7 48. Qg5+ Kf8 49. Qf5+ Kg7 50. Bxb5 Bc5 51. Bd3 1-0

[Event "PRO League Group Stage"]
[Site "chess.com INT"]
[Date "2019.02.07"]
[Round "5"]
[White "Negi, Parimarjan"]
[Black "Zhai, Mo"]
[Result "1-0"]
[WhiteTitle "GM"]
[BlackTitle "WGM"]
[WhiteElo "2656"]
[BlackElo "2365"]
[WhiteTeam "San Francisco Mechanics"]
[BlackTeam "Chengdu Pandas"]
[WhiteFideId "5016690"]
[BlackFideId "8600201"]
[EventDate "2019.01.08"]

1. e4 e6 2. d4 d5 3. Nc3 Nf6 4. e5 Nfd7 5. f4 c5 6. Nf3 Be7 7. Ne2 Nc6 8. c3 b6
9. g3 a5 10. h4 Ba6 11. Bh3 g6 12. h5 Qc7 13. a3 O-O-O 14. h6 Kb8 15. Be3 Rc8
16. b4 cxd4 17. Nfxd4 Nxd4 18. Bxd4 Ka8 19. Ng1 g5 20. Nf3 Rhg8 21. Bf1 Bxf1 22.
Rxf1 gxf4 23. gxf4 Rg2 24. Qd3 Qc4 25. Qxc4 Rxc4 26. Rf2 Rg4 27. bxa5 bxa5 28.
Ng5 Bxg5 29. fxg5 Nxe5 30. Bxe5 Rce4+ 31. Kd2 Rxe5 32. Rxf7 Rg2+ 33. Kd3 Re4 34.
Raf1 Rg3+ 35. Kc2 Re2+ 36. Kb3 d4 37. Ka4 Rxc3 38. Rxh7 1-0

[Event "PRO League Group Stage"]
[Site "chess.com INT"]
[Date "2019.02.07"]
[Round "5"]
[White "Dreev, Aleksey"]
[Black "Xiong, Jeffery"]
[Result "1/2-1/2"]
[WhiteTitle "GM"]
[BlackTitle "GM"]
[WhiteElo "2670"]
[BlackElo "2672"]
[WhiteTeam "San Diego Surfers"]
[BlackTeam "Dallas Destiny"]
[WhiteFideId "4100107"]
[BlackFideId "2047640"]
[EventDate "2019.01.08"]

1. d4 g6 2. Nf3 Bg7 3. g3 c5 4. Bg2 cxd4 5. Nxd4 Nc6 6. Nxc6 dxc6 7. Qxd8+ Kxd8
8. Nc3 Kc7 9. Bd2 h5 10. O-O-O h4 11. Ne4 Bg4 12. Nc5 Rh5 13. Bf4+ Be5 14. Nd3
Bxf4+ 15. Nxf4 Ra5 16. h3 Bd7 17. a3 hxg3 18. fxg3 Nf6 19. g4 Re5 20. Bf3 Rh8
21. Nd3 Re3 22. Kd2 Re6 23. Rdf1 g5 24. Bg2 b6 25. b4 Ne4+ 26. Bxe4 Rxe4 27.
Rxf7 Bxg4 28. Rh2 Rxh3 29. Rg2 Rh6 30. e3 Rd6 31. Rg7 Rd5 32. Rg3 c5 33. bxc5
bxc5 34. Kc3 Ra4 35. Kb3 Bd7 36. Nb2 Re4 37. R7xg5 Rxg5 38. Rxg5 Rxe3+ 39. Kc4
Be6+ 40. Kxc5 Rxa3 41. Kb4 Ra2 42. Kc3 Kd6 43. Rg6 Ke5 44. Nd3+ Kf5 45. Rh6 a5
46. Rh5+ Kf6 47. Rh6+ Kf5 48. Rh5+ Kf6 49. Rh6+ Kf5 50. Rh5+ Kf6 1/2-1/2

[Event "PRO League Group Stage"]
[Site "chess.com INT"]
[Date "2019.02.07"]
[Round "5"]
[White "Brown, Michael William"]
[Black "Holt, Conrad"]
[Result "0-1"]
[WhiteTitle "IM"]
[BlackTitle "GM"]
[WhiteElo "2524"]
[BlackElo "2548"]
[WhiteTeam "San Diego Surfers"]
[BlackTeam "Dallas Destiny"]
[WhiteFideId "2037602"]
[BlackFideId "2034387"]
[EventDate "2019.01.08"]

1. d4 d5 2. c4 c6 3. Nc3 Nf6 4. e3 e6 5. Nf3 Nbd7 6. Qc2 b6 7. b3 Bb7 8. Bd3 Be7
9. Bb2 O-O 10. O-O g6 11. Rac1 Rc8 12. Rfd1 Qc7 13. Qe2 Rfe8 14. Ne5 dxc4 15.
Nxc4 c5 16. f3 cxd4 17. Nb5 Qb8 18. Bxd4 a6 19. Bxf6 Nxf6 20. Nd4 e5 21. Nc2 b5
22. Na5 e4 23. fxe4 Bxe4 24. Nd4 Bd6 25. Nf3 Bxf3 26. Qxf3 Bxh2+ 27. Kh1 Rxc1
28. Rxc1 Be5 29. Rc6 Qd8 0-1

[Event "PRO League Group Stage"]
[Site "chess.com INT"]
[Date "2019.02.07"]
[Round "5"]
[White "Berczes, David"]
[Black "Khachiyan, Melikset"]
[Result "1/2-1/2"]
[WhiteTitle "GM"]
[BlackTitle "GM"]
[WhiteElo "2464"]
[BlackElo "2509"]
[WhiteTeam "Dallas Destiny"]
[BlackTeam "San Diego Surfers"]
[WhiteFideId "722960"]
[BlackFideId "13300512"]
[EventDate "2019.01.08"]

1. Nf3 d5 2. c4 c6 3. g3 Nf6 4. Bg2 g6 5. b3 Bg7 6. Bb2 O-O 7. O-O Bg4 8. d4
Nbd7 9. Ne5 Be6 10. Nd2 Nxe5 11. dxe5 Ng4 12. cxd5 Bxd5 13. e4 Be6 14. Nf3 Qc7
15. Qd4 Rfd8 16. Qc3 f6 17. exf6 exf6 18. h3 Ne5 19. Nd4 Bxh3 20. Bxh3 Rxd4 21.
Rad1 Rad8 22. Rxd4 Rxd4 23. Qe3 Rd8 24. Qxa7 f5 25. Qe3 fxe4 26. Qxe4 Nf3+ 27.
Qxf3 Bxb2 28. Kg2 Bd4 29. Qe4 1/2-1/2

[Event "PRO League Group Stage"]
[Site "chess.com INT"]
[Date "2019.02.07"]
[Round "5"]
[White "Zhu, Jiner"]
[Black "Lu, Albert"]
[Result "1-0"]
[WhiteTitle "WIM"]
[BlackTitle "FM"]
[WhiteElo "2424"]
[BlackElo "2242"]
[WhiteTeam "Dallas Destiny"]
[BlackTeam "San Diego Surfers"]
[WhiteFideId "8608059"]
[BlackFideId "2057000"]
[EventDate "2019.01.08"]

1. e4 e5 2. Nf3 Nc6 3. Bc4 Bc5 4. O-O Nf6 5. d3 O-O 6. c3 d6 7. Bb3 h6 8. Nbd2
Qe7 9. h3 Be6 10. Bc2 a5 11. Re1 Rad8 12. Nf1 d5 13. exd5 Nxd5 14. Ng3 Ba7 15.
Qe2 Nf4 16. Bxf4 exf4 17. Nh5 Qd6 18. Qe4 Bd5 19. Qxf4 Qxf4 20. Nxf4 Bxf3 21.
gxf3 Bc5 22. d4 Bd6 23. Nd5 Rfe8 24. Ba4 Rxe1+ 25. Rxe1 Nb8 26. Bb3 Nd7 27. Ne7+
Kf8 28. Nf5 Nf6 29. Nxd6 Rxd6 30. Kg2 b6 31. Re5 Nd7 32. Rf5 Nf6 33. f4 Rd7 34.
Kf3 Rd6 35. Re5 Rd7 36. Ba4 Rd6 37. Bb5 Rd8 38. a4 Rd6 39. Re1 Rd8 40. Rd1 Nd5
41. Bc4 Ne7 42. Ba2 Nc6 43. d5 Ne7 44. b4 axb4 45. cxb4 Nf5 46. Bc4 Ra8 47. Bb5
Ke7 48. Bc6 Ra7 49. Kg4 g6 50. h4 Kd6 51. h5 Ne7 52. Be8 f5+ 53. Kh4 gxh5 54.
Kxh5 Nxd5 55. Kxh6 c6 56. b5 cxb5 57. axb5 Kc5 58. Kg5 Ra4 59. Kxf5 Nxf4 60.
Rc1+ Kd6 61. Rc6+ Ke7 62. Bg6 Nd5 63. Ke5 Nf4 64. Rxb6 Nxg6+ 65. Rxg6 Ra5 66.
Rb6 Kd7 67. f4 Kc7 68. Rc6+ Kd7 69. Rc5 Ra1 70. f5 Re1+ 71. Kf6 Kd6 72. Rc6+ 1-0

[Event "PRO League Group Stage"]
[Site "chess.com INT"]
[Date "2019.02.07"]
[Round "5"]
[White "Safarli, Eltaj"]
[Black "Sargissian, Gabriel"]
[Result "1-0"]
[WhiteTitle "GM"]
[BlackTitle "GM"]
[WhiteElo "2681"]
[BlackElo "2689"]
[WhiteTeam "San Jose Hackers"]
[BlackTeam "Seattle Sluggers"]
[WhiteFideId "13402129"]
[BlackFideId "13300881"]
[EventDate "2019.01.08"]

1. e4 e5 2. Nc3 Nf6 3. g3 Nc6 4. Bg2 Bc5 5. Nge2 h5 6. h3 d6 7. d3 h4 8. g4 Nh7
9. f4 exf4 10. Bxf4 Ng5 11. d4 Bb6 12. Qd2 Nh7 13. O-O-O O-O 14. Kb1 Ne7 15.
Rhf1 c6 16. Be3 Ng6 17. Nf4 Nxf4 18. Bxf4 Qe7 19. d5 Bc7 20. dxc6 bxc6 21. Bxd6
Bxd6 22. Qxd6 Qxd6 23. Rxd6 Ng5 24. Rxc6 Rb8 25. Rc5 Ne6 26. Ra5 a6 27. e5 Bb7
28. Bxb7 Rxb7 29. Nd5 Ng5 30. Rxa6 Re8 31. Rf5 Nxh3 32. Rh5 f6 33. e6 Ng5 34.
Rxh4 Nxe6 35. b3 Nc5 36. Rc6 Ne4 37. Kb2 Re5 38. Rc8+ Kf7 39. Nf4 Nd6 40. Rd8
Re4 41. Nd3 Rb6 42. Rd7+ Kg6 43. a4 Nc4+ 44. Kc3 Ne3 45. Kd2 Nf1+ 46. Kc1 Ne3
47. Rc7 Rd6 48. Rh3 Nxg4 49. a5 f5 50. b4 Kf6 51. b5 Ne3 52. b6 Nd5 53. b7 1-0

[Event "PRO League Group Stage"]
[Site "chess.com INT"]
[Date "2019.02.07"]
[Round "5"]
[White "Mamedov, Rauf"]
[Black "Sadorra, Julio Catalino"]
[Result "1-0"]
[WhiteTitle "GM"]
[BlackTitle "GM"]
[WhiteElo "2703"]
[BlackElo "2568"]
[WhiteTeam "San Jose Hackers"]
[BlackTeam "Seattle Sluggers"]
[WhiteFideId "13401653"]
[BlackFideId "5201268"]
[EventDate "2019.01.08"]

1. e4 e6 2. d4 d5 3. Nd2 c5 4. Ngf3 cxd4 5. exd5 Qxd5 6. Bc4 Qd8 7. Nb3 Nc6 8.
Nbxd4 Nxd4 9. Nxd4 a6 10. O-O Qc7 11. Bd3 Bd6 12. h3 Ne7 13. Qh5 Qc5 14. Qxc5
Bxc5 15. Nb3 Ba7 16. Be4 f5 17. Bf3 e5 18. Na5 e4 19. Bh5+ Ng6 20. Be3 O-O 21.
Rad1 f4 22. Bxa7 Rxa7 23. Nc4 Nh4 24. Nb6 Bf5 25. Be2 a5 26. Bc4+ Kh8 27. a4 g5
28. Rfe1 Rf6 29. Nd5 Rc6 30. b3 b6 31. Nc3 Re7 32. Nb5 Rg6 33. Rd8+ Kg7 34. Nd6
Bxh3 35. gxh3 Nf3+ 36. Kf1 g4 37. hxg4 Nxe1 38. Nf5+ Kf6 39. Rf8+ Ke5 40. Nxe7
Rxg4 41. Kxe1 Rg1+ 42. Kd2 Rg2 43. Rf5+ Kd6 44. Rxf4 1-0